Name the musical act by album cover - Grunge, Indie, Rap, & More - Statistics

General Stats
  • This quiz has been taken 92 times
  • The average score is 7 of 16
Answer Stats
Picture Answer % Correct
Lady Gaga
79%
Lana Del Rey
79%
Cage The Elephant
65%
Eminem
63%
$uicide Boy$
63%
Tyler the Creator
58%
MGMT
50%
Elliott Smith
45%
Melanie Martinez
40%
A$AP Rocky
38%
Joey Bada$$
36%
Alice in Chains
33%
Deftones
26%
Ghost
18%
Josh Turner
8%
Turnstile
5%
No matching quizzes found
Score Distribution
Percent of People with Each Score
Percentile by Number Answered
Your Score History
You have not taken this quiz